NLSUI OPAC header image

Education for what?: De-mystifying the world bank education agenda (Record no. 34438)

MARC details
000 -LEADER
fixed length control field 00434nam a2200157Ia 4500
008 - FIXED-LENGTH DATA ELEMENTS--GENERAL INFORMATION
fixed length control field 160316s1998 xxu||||| |||| 00| 0 eng d
082 ## - DEWEY DECIMAL CLASSIFICATION NUMBER
Classification number 378.100000
Item number KAM
100 ## - MAIN ENTRY--PERSONAL NAME
Personal name Kamat Sangeeta
245 ## - TITLE STATEMENT
Title Education for what?: De-mystifying the world bank education agenda
250 ## - EDITION STATEMENT
Edition statement
260 ## - PUBLICATION, DISTRIBUTION, ETC.
Place of publication, distribution, etc. Africa
Name of publisher, distributor, etc. UNESCO
Date of publication, distribution, etc. 1998
300 ## - PHYSICAL DESCRIPTION
Extent 21-27
Other physical details
Dimensions
365 ## - TRADE PRICE
Price amount
650 ## - SUBJECT ADDED ENTRY--TOPICAL TERM
Topical term or geographic name entry element 1. Education agenda <br/>2. World bank education
700 ## - ADDED ENTRY--PERSONAL NAME
Personal name
--
Holdings
Withdrawn status Lost status Damaged status Not for loan Home library Current library Shelving location Date acquired Total Checkouts Full call number Barcode Date last seen Price effective from Koha item type
        NLS NLS   30/05/2017   378.1 KAM REP11120 30/05/2017 30/05/2017 Repository